Metodika racionalizácie práce. 3.zväzok : Metódy a techniky pri racionalizácii práce
Salvato in:
| Natura: | Libro |
|---|---|
| Lingua: | slovacco |
| Pubblicazione: |
Bratislava :
Práca,
1975
|
| Soggetti: | |
| Tags: |
Nessun Tag, puoi essere il primo ad aggiungerne!!
|
MARC
| LEADER | 00000nam a22000003a 4500 | ||
|---|---|---|---|
| 001 | stu39293 | ||
| 005 | 20150408180712.2 | ||
| 008 | 930118s1975----cs------------------slo-d | ||
| 040 | |a STU |b slo | ||
| 041 | 0 | |a slo | |
| 044 | |a cs | ||
| 080 | |a 331.81 | ||
| 245 | |a Metodika racionalizácie práce. 3.zväzok : |b Metódy a techniky pri racionalizácii práce | ||
| 260 | |a Bratislava : |b Práca, |c 1975 | ||
| 300 | |a 319 s | ||
| 650 | 7 | |a práca |2 stusub | |
| 650 | 7 | |a racionalizácia |2 stusub | |
| 996 | |b 284M012591 |c M*5764/3-1 |l MMKN |s A |a 24 |w stu39293_0001 | ||